| 000 | 00354nam a22001217a 4500 | ||
|---|---|---|---|
| 082 | _a220 PRO | ||
| 100 |
_aSALMAN,SAAD,ASAD _971906 |
||
| 245 | _aPR-SOF-1383-DESIGN AND INSTALLATION OF SOLAR HYBRID SWIMMING POOL HEATING SYSTEM | ||
| 260 |
_aISLAMABAD _bNUST COLLEGE OF EME _c2014 |
||
| 650 | _a DE-MECH-32 | ||
| 700 |
_aAHMED SOHAIL _919076 |
||
| 942 | _cCR | ||
| 999 |
_c578175 _d578175 |
||